Guía completa de los simpson /
Guardado en:
| Autor Principal: | |
|---|---|
| Otros Autores: | |
| Formato: | Libro |
| Publicado: |
Barcelona :
Grupo Zeta,
1998.
|
| Materias: | |
| Etiquetas: |
Agregar Etiqueta
Sin Etiquetas, Sea el primero en etiquetar este registro!
|
| LEADER | 00857nam a22002175a 4500 | ||
|---|---|---|---|
| 001 | CEM.cems013594 | ||
| 005 | 20120326133631.0 | ||
| 008 | 130507s1998##################000#0#####d | ||
| 003 | CEMS | ||
| 020 | |a 844068844X | ||
| 082 | 0 | 4 | |a 791.456 |
| 100 | 1 | |a Groening, Matt | |
| 245 | 1 | 0 | |a Guía completa de los simpson / |c Matt Groening ; editado Por Ray Richmond. |
| 260 | |a Barcelona : |b Grupo Zeta, |c 1998. | ||
| 300 | |a 249 p.I | ||
| 500 | |a Incluye índice alfabético. | ||
| 505 | 0 | |a Los cortos -- Homer dice, "ooh..." -- Homer dice, "mmm..." -- Los gags del sofá -- Carteles de Sprinfield y alrededores -- Folmografía de Pica y Rasca -- Quien dobla a quien -- Merchandising, su nombre es Krusty. | |
| 653 | |a Simpson-análisis | ||
| 653 | |a Simpson-serie televisiva. | ||
| 700 | 1 | |a Richmond, Ray. | |
| 859 | |a CEMS |b BIB. CEMS - 11 de abril |h 791.456 |i G892 |p 26229.11 |t Ej.1 | ||
